000
00243nam a2200097Ia 4500
008
220204s9999 xx 000 0 und d
082
_a
5(031)
_b
UNI
245
0
_a
Universal encyclopedia of mathematics
260
_a
London
_b
Pan
_c
1964
942
_c
BK
999
_c
27407
_d
27407